000 00522nam a2200181 i 4500
001 27027
003 ES-MaACL
005 20230906153538.0
007 t|
008 030113s1966 sp ||||1| spa d
100 1 _aAuty, Phyllis.
_923981
245 1 0 _aYugoslavia /
_cPhyllis Auty ; [traducción de Maite Villar Ortiz de Urbina].
250 _a[1ª ed.].
260 _aMadrid :
_bCid,
_c[1966]
300 _a188 p. ;
_c23 cm.
700 1 _aVilla Ortiz de Urbina, Maite.
_9114888
852 _aES-MaACL
_jC-30936
_bR.61560
999 _c27027
_d27027